[Event "Oberliga Baden 1213"]
[Site "Baden"]
[Date "2013.04.14"]
[Round "9.5"]
[White "Becker, Matthias1111"]
[Black "Kiefhaber, Holger"]
[Result "1/2-1/2"]
[WhiteElo "1979"]
[BlackElo "2271"]
[PlyCount "40"]
[EventDate "2012.10.14"]
[EventType "team-tourn"]
[EventRounds "9"]
[EventCountry "GER"]
[SourceTitle "EXT 2014"]
[Source "ChessBase"]
[SourceDate "2013.11.20"]
[SourceVersion "1"]
[SourceVersionDate "2013.11.20"]
[SourceQuality "1"]
[WhiteTeam "Buchen"]
[BlackTeam "Karlsruhe"]
[WhiteTeamCountry "GER"]
[BlackTeamCountry "GER"]

1. e4 c5 2. Nf3 g6 3. d4 cxd4 4. Nxd4 Nc6 5. c4 Nf6 6. Nc3 Nxd4 7. Qxd4 d6 8. Be3 Bg7 9. Be2 0-0 10. Qd2 Be6 11. Rc1 Qa5 12. 0-0 a6 13. f3 Rfc8 14. Nd5 Qxd2 15. Bxd2 Nxd5 16. cxd5 Bd4+ 17. Kh1 Bd7 18. b3 Bb2 19. Rxc8+ Rxc8 20. Bc4 f5 1/2-1/2

[Event "Oberliga Baden 0910"]
[Site "Germany"]
[Date "2009.11.29"]
[Round "3.5"]
[White "Scherer, Helmut"]
[Black "Kiefhaber, Holger"]
[Result "0-1"]
[WhiteElo "2306"]
[BlackElo "2260"]
[PlyCount "136"]
[EventDate "2009.10.18"]
[EventType "team-tourn"]
[EventRounds "9"]
[EventCountry "GER"]
[SourceTitle "EXT 2011"]
[Source "ChessBase"]
[SourceDate "2010.11.26"]
[SourceVersion "1"]
[SourceVersionDate "2010.11.26"]
[SourceQuality "1"]
[WhiteTeam "Zaehringen"]
[BlackTeam "Karlsruhe"]
[WhiteTeamCountry "GER"]
[BlackTeamCountry "GER"]

1. e4 c5 2. Nf3 g6 3. c3 Bg7 4. Bc4 d6 5. d4 cxd4 6. cxd4 Nf6 7. Nc3 0-0 8. Qe2 Nc6 9. e5 Ne8 10. h3 dxe5 11. dxe5 Nc7 12. 0-0 Be6 13. Rd1 Qc8 14. Bf4 h6 15. Bxe6 Qxe6 16. Qe3 g5 17. Bg3 Rfd8 18. Nd4 Nxd4 19. Rxd4 Qb6 20. Rad1 Rxd4 21. Qxd4 Qxb2 22. Rb1 Ne6 23. Qc4 Qc2 24. Rxb7 Rd8 25. Qb3 Qc1+ 26. Kh2 Nc5 27. Qb2 Qxb2 28. Rxb2 h5 29. h4 gxh4 30. Bf4 Nd3 31. Rd2 Rd4 32. Be3 Bxe5+ 33. f4 Rxf4 34. Kg1 Rc4 35. Rxd3 Rxc3 36. Rxc3 Bxc3 37. Bxa7 Ba5 38. Bf2 f5 39. a4 Kf7 40. Bxh4 e5 41. Kf1 Ke6 42. Ke2 f4 43. g3 Kf5 44. gxf4 Kxf4 45. Be7 e4 46. Bd6+ Kf5 47. Be7 Bb6 48. Kf1 Kg4 49. Kg2 Ba5 50. Bc5 h4 51. Bd4 h3+ 52. Kh2 Bc7+ 53. Kh1 Kf3 54. Bc3 e3 55. a5 e2 56. a6 Bb8 57. Be1 Ke3 58. Kg1 Kd3 59. Kh1 Kc4 60. a7 Bxa7 61. Kh2 Kd3 62. Kxh3 Kc2 63. Kg2 Kd1 64. Bg3 Bc5 65. Kf3 Bb4 66. Bh4 Bd2 67. Bg3 Be1 68. Be5 Bh4 0-1

[Event "Oberliga Baden 0809"]
[Site "Germany"]
[Date "2009.03.29"]
[Round "9.7"]
[White "Kiefhaber, Holger"]
[Black "Vidonyak, Nellya"]
[Result "1/2-1/2"]
[WhiteElo "2258"]
[BlackElo "2176"]
[PlyCount "37"]
[EventDate "2008.10.05"]
[EventType "team-tourn"]
[EventRounds "9"]
[EventCountry "GER"]
[SourceTitle "EXT 2010"]
[Source "ChessBase"]
[SourceDate "2010.11.25"]
[SourceVersion "1"]
[SourceVersionDate "2010.11.25"]
[SourceQuality "1"]
[WhiteTeam "Karlsruhe"]
[BlackTeam "Hockenheim"]
[WhiteTeamCountry "GER"]
[BlackTeamCountry "GER"]

1. e4 c5 2. c3 d5 3. exd5 Qxd5 4. d4 Nc6 5. Nf3 cxd4 6. cxd4 e6 7. Bd3 Nf6 8. 0-0 Be7 9. Nc3 Qd6 10. Bg5 0-0 11. Rc1 Rd8 12. Nb5 Qd7 13. Ne5 Nxe5 14. Rc7 Nf3+ 15. Qxf3 Qe8 16. Qg3 Qf8 17. Rc3 Bd7 18. Nc7 Rac8 19. Rfc1 1/2-1/2

[Event "Oberliga Baden 0809"]
[Site "Germany"]
[Date "2008.12.14"]
[Round "4.8"]
[White "Kiefhaber, Holger"]
[Black "Feiler, Juergen"]
[Result "1-0"]
[WhiteElo "2258"]
[BlackElo "2130"]
[PlyCount "45"]
[EventDate "2008.10.05"]
[EventType "team-tourn"]
[EventRounds "9"]
[EventCountry "GER"]
[SourceTitle "EXT 2010"]
[Source "ChessBase"]
[SourceDate "2010.11.25"]
[SourceVersion "1"]
[SourceVersionDate "2010.11.25"]
[SourceQuality "1"]
[WhiteTeam "Karlsruhe"]
[BlackTeam "Baden-Baden III"]
[WhiteTeamCountry "GER"]
[BlackTeamCountry "GER"]

1. e4 e6 2. d4 d5 3. exd5 exd5 4. c4 Bb4+ 5. Nc3 Qe7+ 6. Be2 Bg4 7. Be3 Bxe2 8. Ngxe2 Nf6 9. 0-0 0-0 10. Bg5 Bxc3 11. Nxc3 dxc4 12. Nd5 Qd6 13. Nxf6+ gxf6 14. Bh6 f5 15. Bxf8 Kxf8 16. Qf3 Nc6 17. Qxf5 Nxd4 18. Qxh7 Rd8 19. Rfe1 Qg6 20. Qh8+ Qg8 21. Qh5 Rd6 22. Re4 Qg6 23. Qh8+ 1-0

[Event "Verbandsliga Nord Baden 0708"]
[Site "Germany"]
[Date "2008.02.17"]
[Round "6.2"]
[White "Kiefhaber, Holger"]
[Black "Hauser, Carlos"]
[Result "1-0"]
[WhiteElo "2276"]
[BlackElo "2090"]
[PlyCount "65"]
[EventDate "2007.10.14"]
[EventType "team"]
[EventRounds "9"]
[EventCountry "GER"]
[SourceTitle "EXT 2009"]
[Source "ChessBase"]
[SourceDate "2008.11.26"]
[SourceVersion "1"]
[SourceVersionDate "2008.11.26"]
[SourceQuality "1"]
[WhiteTeam "Karlsruhe II"]
[BlackTeam "Walldorf"]
[WhiteTeamCountry "GER"]
[BlackTeamCountry "GER"]

1. e4 c5 2. c3 Nf6 3. e5 Nd5 4. Nf3 d6 5. Bc4 Nb6 6. Bb3 Nc6 7. exd6 Qxd6 8. Na3 Be6 9. d4 cxd4 10. Nb5 Qd7 11. Bxe6 Qxe6+ 12. Be3 0-0-0 13. Nfxd4 Nxd4 14. cxd4 Kb8 15. Qf3 Nd5 16. 0-0 a6 17. Nc3 g6 18. Rfe1 Qf5 19. Qg3+ Ka8 20. Bg5 f6 21. Bd2 e6 22. Ne4 g5 23. Qb3 Bd6 24. Rac1 Rhe8 25. Ba5 Rd7 26. Qa4 Ree7 27. Rc8+ Ka7 28. Nc5 Bxc5 29. dxc5 Rc7 30. Bxc7 Rxc7 31. Rxc7 Nxc7 32. c6 b5 33. Qd4+ 1-0

[Event "Staufer op 20th"]
[Site "Schwaebisch Gmuend"]
[Date "2008.01.05"]
[Round "7"]
[White "Kiefhaber, Holger"]
[Black "Gritsch, Christoph"]
[Result "1/2-1/2"]
[WhiteElo "2276"]
[BlackElo "2129"]
[PlyCount "88"]
[EventDate "2008.01.02"]
[EventType "swiss"]
[EventRounds "9"]
[EventCountry "GER"]
[SourceTitle "CBM 122 Extra"]
[Source "ChessBase"]
[SourceDate "2008.03.04"]
[SourceVersion "1"]
[SourceVersionDate "2008.03.04"]
[SourceQuality "1"]

1. e4 c5 2. c3 Nf6 3. e5 Nd5 4. Nf3 e6 5. d4 cxd4 6. cxd4 Bb4+ 7. Nbd2 0-0 8. Bc4 d6 9. 0-0 Nc6 10. a3 Bxd2 11. Bxd2 dxe5 12. dxe5 Nde7 13. Qe2 Ng6 14. Bc3 b6 15. Qe4 Qc7 16. Rfe1 Bb7 17. Qg4 Nce7 18. Ng5 Bd5 19. Bd3 Rad8 20. Re3 h6 21. Nxf7 Rxf7 22. Bxg6 Nxg6 23. Qxg6 Rdf8 24. f3 Rf5 25. Qg3 Qc5 26. Qf2 a5 27. Rd3 Qxf2+ 28. Kxf2 a4 29. Rad1 Bb3 30. R1d2 g5 31. Ke3 b5 32. Rd6 h5 33. Rd8 Bc4 34. R2d7 Rxd8 35. Rxd8+ Rf8 36. Rxf8+ Kxf8 37. Be1 Kf7 38. h4 gxh4 39. Bxh4 Kg6 40. Kf4 Bf1 41. g3 Bc4 42. Bf6 Bd5 43. g4 hxg4 44. fxg4 Bg2 1/2-1/2

[Event "Oberliga Baden 0405"]
[Site "Germany"]
[Date "2005.01.16"]
[Round "5.6"]
[White "Seelinger, Lorenz"]
[Black "Kiefhaber, Holger"]
[Result "1/2-1/2"]
[WhiteElo "2251"]
[BlackElo "2266"]
[PlyCount "42"]
[EventDate "2004.10.24"]
[EventType "team-tourn"]
[EventRounds "9"]
[EventCountry "GER"]
[SourceTitle "EXT 2007"]
[Source "ChessBase"]
[SourceDate "2006.11.23"]
[SourceVersion "1"]
[SourceVersionDate "2006.11.23"]
[SourceQuality "1"]
[WhiteTeam "Slavija KA"]
[BlackTeam "Karlsruhe II"]
[WhiteTeamCountry "GER"]
[BlackTeamCountry "GER"]

1. e4 c5 2. Nf3 g6 3. d4 cxd4 4. Nxd4 Bg7 5. Nc3 Nc6 6. Be3 Nf6 7. Bc4 Qa5 8. 0-0 0-0 9. Bb3 d6 10. h3 Bd7 11. f4 Nxd4 12. Bxd4 Bc6 13. Qd3 Rad8 14. Nd5 Nxd5 15. exd5 Bb5 16. c4 Bxd4+ 17. Qxd4 Bd7 18. Rae1 e6 19. Kh2 exd5 20. cxd5 Bb5 21. Rg1 Rde8 1/2-1/2